000 00337nam a2200157Ia 4500
100 _aMeriam/J.L/ Kraige
490 _vI
942 _cBK
654 _aMechanics.vol 1
245 _aEngineering Mechanics.Vol 1
260 _bJohn Wiley
_aNew York
_c1993
082 _a620.1
_bPAN
300 _a300
546 _aENGLISH
999 _c35340
_d35340